000 00490nam a2200193Ia 4500
005 20240823020451.0
008 240823s9999||||xx |||||||||||||| ||und||
020 _a0-07-058157-6
041 _aENGLISH
082 _A320.054 P4
100 _aLaxmikanth M
245 0 _aIndian Polity For the UPSC Civil Services Examinations
250 _a1st
260 _c2004
_b"Tata Mcgraw Hill,New "
500 _aYES
650 _aPolitics
_bManagement Studies
942 _cBK
999 _c174821
_d174821